[Event "European Youth Chess Championship G16"]
[Site "Prague, Top Hotel Prague"]
[Date "2012.08.23"]
[Round "7.1"]
[White "Visanescu, Daria-Ioana"]
[Black "Hincu, Olga"]
[Result "1/2-1/2"]
[WhiteElo "2019"]
[BlackElo "1931"]
[PlyCount "0"]
[EventDate "2012.08.17"]

1. e4 {[%clk 1:30:57]} e6 {[%clk 1:30:57]} 2. f4 {[%clk 1:31:10]} d5
{[%clk 1:31:23]} 3. e5 {[%clk 1:31:21]} c5 {[%clk 1:31:48]} 4. Nf3
{[%clk 1:31:33]} Nc6 {[%clk 1:32:14]} 5. c3 {[%clk 1:31:27]} Nh6 {[%clk 1:32:04]}
6. Na3 {[%clk 1:30:43]} Be7 {[%clk 1:31:39]} 7. Nc2 {[%clk 1:30:42]} f6
{[%clk 1:29:40]} 8. d4 {[%clk 1:22:58]} O-O {[%clk 1:28:17]} 9. Bd3
{[%clk 1:21:50]} Bd7 {[%clk 1:24:18]} 10. O-O {[%clk 1:20:57]} Be8
{[%clk 1:22:45]} 11. Kh1 {[%clk 0:44:50]} Bh5 {[%clk 1:16:01]} 12. h3
{[%clk 0:40:52]} c4 {[%clk 1:03:19]} 13. Be2 {[%clk 0:41:14]} Bxf3
{[%clk 0:56:58]} 14. Rxf3 {[%clk 0:40:11]} Nf5 {[%clk 0:55:58]} 15. Ne3
{[%clk 0:38:34]} Nh4 {[%clk 0:52:53]} 16. Rf1 {[%clk 0:37:57]} fxe5
{[%clk 0:51:47]} 17. fxe5 {[%clk 0:38:10]} Bg5 {[%clk 0:47:40]} 18. g3
{[%clk 0:33:27]} Bxe3 {[%clk 0:42:56]} 19. Bxe3 {[%clk 0:32:48]} Nf5
{[%clk 0:42:25]} 20. Rf3 {[%clk 0:27:45]} Nxe3 {[%clk 0:38:07]} 21. Rxe3
{[%clk 0:28:10]} Qg5 {[%clk 0:37:30]} 22. Qg1 {[%clk 0:28:17]} b5
{[%clk 0:36:06]} 23. Rf3 {[%clk 0:21:07]} Rxf3 {[%clk 0:33:10]} 24. Bxf3
{[%clk 0:21:36]} b4 {[%clk 0:30:50]} 25. Bg4 {[%clk 0:20:50]} Qg6
{[%clk 0:30:21]} 26. Qe3 {[%clk 0:18:32]} bxc3 {[%clk 0:26:32]} 27. bxc3
{[%clk 0:18:55]} Ne7 {[%clk 0:26:44]} 28. Qe2 {[%clk 0:14:54]} Rf8
{[%clk 0:19:01]} 29. Kg2 {[%clk 0:15:08]} Nf5 {[%clk 0:18:33]} 30. Bxf5
{[%clk 0:15:06]} Qxf5 {[%clk 0:14:30]} 31. Rf1 {[%clk 0:11:29]} Qxf1+
{[%clk 0:12:29]} 32. Qxf1 {[%clk 0:11:58]} Rxf1 {[%clk 0:12:52]} 33. Kxf1
{[%clk 0:12:26]} Kf7 {[%clk 0:12:36]} 34. Kf2 {[%clk 0:12:24]} Kg6
{[%clk 0:11:48]} 35. Kf3 {[%clk 0:10:40]} Kf5 {[%clk 0:07:01]} 36. Ke3
{[%clk 0:03:55]} Kg5 {[%clk 0:06:01]} 37. Kf3 {[%clk 0:04:15]} Kf5
{[%clk 0:06:25]} 38. Ke3 {[%clk 0:04:39]} Kg5 {[%clk 0:06:53]} 39. Kf3
{[%clk 0:05:03]} h5 {[%clk 0:03:45]} 40. Ke3 {[%clk 0:34:53]} Kf5
{[%clk 0:32:08]} 41. Kf3 {[%clk 0:35:07]} 1/2-1/2

[Event "European Youth Chess Championship G16"]
[Site "Prague, Top Hotel Prague"]
[Date "2012.08.23"]
[Round "7.2"]
[White "Osmanodja, Filiz"]
[Black "Tantsiura, Marja"]
[Result "0-1"]
[WhiteElo "2199"]
[BlackElo "2193"]
[PlyCount "0"]
[EventDate "2012.08.17"]

1. e4 {[%clk 1:30:51]} e6 {[%clk 1:30:57]} 2. d3 {[%clk 1:30:26]} d5
{[%clk 1:31:16]} 3. Qe2 {[%clk 1:30:08]} g6 {[%clk 1:25:20]} 4. g3
{[%clk 1:18:22]} Bg7 {[%clk 1:25:10]} 5. Bg2 {[%clk 1:17:41]} Ne7
{[%clk 1:25:14]} 6. Nf3 {[%clk 1:03:19]} c5 {[%clk 1:20:15]} 7. e5
{[%clk 1:02:02]} Nbc6 {[%clk 1:19:02]} 8. c3 {[%clk 0:58:58]} Qc7
{[%clk 1:11:43]} 9. Bf4 {[%clk 0:58:10]} b6 {[%clk 1:10:09]} 10. O-O
{[%clk 0:54:36]} Bb7 {[%clk 1:04:34]} 11. Re1 {[%clk 0:52:51]} O-O
{[%clk 0:56:24]} 12. h4 {[%clk 0:49:28]} h6 {[%clk 0:53:24]} 13. Nbd2
{[%clk 0:48:26]} Rfd8 {[%clk 0:51:13]} 14. Nf1 {[%clk 0:45:35]} b5
{[%clk 0:34:21]} 15. N1h2 {[%clk 0:31:04]} Nf5 {[%clk 0:33:12]} 16. Ng4
{[%clk 0:20:10]} Qe7 {[%clk 0:31:24]} 17. Qd2 {[%clk 0:18:32]} Kh7
{[%clk 0:31:46]} 18. d4 {[%clk 0:15:16]} cxd4 {[%clk 0:32:09]} 19. Nxd4
{[%clk 0:15:06]} Ncxd4 {[%clk 0:30:44]} 20. cxd4 {[%clk 0:15:35]} Rac8
{[%clk 0:30:44]} 21. Rac1 {[%clk 0:12:13]} Rc4 {[%clk 0:30:49]} 22. b3
{[%clk 0:07:05]} Rxd4 {[%clk 0:29:36]} 23. Qa5 {[%clk 0:07:34]} Rxf4
{[%clk 0:25:33]} 24. gxf4 {[%clk 0:06:21]} Rd7 {[%clk 0:23:15]} 25. Qxb5
{[%clk 0:04:45]} Nxh4 {[%clk 0:23:19]} 26. Qd3 {[%clk 0:02:05]} Nxg2
{[%clk 0:22:42]} 27. Kxg2 {[%clk 0:02:34]} d4+ {[%clk 0:23:08]} 28. f3
{[%clk 0:02:31]} Qh4 {[%clk 0:22:45]} 29. Kf1 {[%clk 0:00:48]} Qg3
{[%clk 0:23:00]} 30. Ke2 {[%clk 0:00:37]} Qxf4 {[%clk 0:22:52]} 31. Kf2
{[%clk 0:00:35]} h5 {[%clk 0:22:57]} 32. Rh1 {[%clk 0:00:38]} Kg8
{[%clk 0:23:24]} 33. Nf6+ {[%clk 0:00:34]} Bxf6 {[%clk 0:23:47]} 34. exf6
{[%clk 0:01:02]} Qxf6 {[%clk 0:24:13]} 35. Rcg1 {[%clk 0:00:57]} Rd5
{[%clk 0:23:43]} 36. Rh3 {[%clk 0:00:34]} Rc5 {[%clk 0:21:49]} 37. Rd1
{[%clk 0:00:31]} e5 {[%clk 0:21:33]} 38. Kg1 {[%clk 0:31:00]} Rc3
{[%clk 0:21:46]} 39. Qb5 {[%clk 0:01:07]} Qg5+ {[%clk 0:22:00]} 40. Kf2
{[%clk 0:00:38]} Rc2+ {[%clk 0:22:26]} 41. Kf1 {[%clk 0:00:39]} Qg2+
{[%clk 0:22:52]} 42. Ke1 {[%clk 0:01:05]} Qf2# 0-1

[Event "European Youth Chess Championship G16"]
[Site "Prague, Top Hotel Prague"]
[Date "2012.08.23"]
[Round "7.3"]
[White "Utiatskaja, Irina"]
[Black "Navrotescu, Andreea-Cristiana"]
[Result "0-1"]
[WhiteElo "2012"]
[BlackElo "2090"]
[PlyCount "0"]
[EventDate "2012.08.17"]

1. e4 {[%clk 1:30:58]} c5 {[%clk 1:30:57]} 2. Nf3 {[%clk 1:31:24]} e6
{[%clk 1:31:21]} 3. d4 {[%clk 1:31:48]} cxd4 {[%clk 1:31:45]} 4. Nxd4
{[%clk 1:32:15]} Nf6 {[%clk 1:32:06]} 5. Nc3 {[%clk 1:31:38]} Nc6
{[%clk 1:32:26]} 6. Ndb5 {[%clk 1:24:42]} Bc5 {[%clk 1:32:38]} 7. Nd6+
{[%clk 1:24:33]} Ke7 {[%clk 1:33:00]} 8. Nc4 {[%clk 1:18:45]} d6 {[%clk 1:25:23]}
9. Bd3 {[%clk 1:06:39]} Re8 {[%clk 1:08:23]} 10. O-O {[%clk 1:04:50]} Kf8
{[%clk 1:06:54]} 11. Bg5 {[%clk 1:00:56]} h6 {[%clk 1:06:05]} 12. Bh4
{[%clk 1:00:06]} e5 {[%clk 0:46:53]} 13. Nd5 {[%clk 0:47:27]} g5 {[%clk 0:46:45]}
14. Bg3 {[%clk 0:39:31]} Be6 {[%clk 0:39:59]} 15. Nxf6 {[%clk 0:31:18]} Qxf6
{[%clk 0:40:28]} 16. Kh1 {[%clk 0:31:23]} Rad8 {[%clk 0:33:39]} 17. c3
{[%clk 0:28:42]} d5 {[%clk 0:24:00]} 18. exd5 {[%clk 0:25:04]} Bxd5
{[%clk 0:24:28]} 19. Qe2 {[%clk 0:24:15]} e4 {[%clk 0:22:19]} 20. Bc2
{[%clk 0:24:15]} Qe6 {[%clk 0:14:55]} 21. Ne3 {[%clk 0:12:02]} Bxa2
{[%clk 0:12:36]} 22. b3 {[%clk 0:08:21]} Bxb3 {[%clk 0:12:24]} 23. Bxb3
{[%clk 0:08:12]} Qxb3 {[%clk 0:12:53]} 24. c4 {[%clk 0:07:59]} Qd3
{[%clk 0:08:58]} 25. Qh5 {[%clk 0:08:10]} Re6 {[%clk 0:08:35]} 26. Nf5
{[%clk 0:06:35]} Qc3 {[%clk 0:05:54]} 27. Nxh6 {[%clk 0:06:50]} Qf6
{[%clk 0:04:57]} 28. Ng4 Qg7 29. Ne3 {[%clk 0:07:00]} Qg6 {[%clk 0:04:10]} 30.
Qh8+ Ke7 31. Nd5+ {[%clk 0:06:29]} Kd7 {[%clk 0:04:44]} 32. Qb2 {[%clk 0:06:33]}
Kc8 {[%clk 0:02:37]} 33. Qb5 {[%clk 0:06:04]} Bd4 {[%clk 0:02:04]} 34. Rfb1
{[%clk 0:05:28]} Rd7 {[%clk 0:01:48]} 35. Ra3 {[%clk 0:04:25]} f5
{[%clk 0:01:27]} 36. Bc7 {[%clk 0:03:03]} Nd8 {[%clk 0:01:32]} 37. Bxd8
{[%clk 0:03:05]} Kxd8 {[%clk 0:02:02]} 38. Ne3 {[%clk 0:01:29]} f4
{[%clk 0:02:11]} 39. Nd5 {[%clk 0:01:06]} Rc6 {[%clk 0:02:33]} 40. Qb3
{[%clk 0:31:23]} Bxf2 {[%clk 0:32:28]} 41. Qb2 {[%clk 0:28:58]} Bc5
{[%clk 0:31:55]} 42. Rh3 {[%clk 0:28:11]} Rh7 {[%clk 0:30:33]} 43. Rxh7
{[%clk 0:26:20]} Qxh7 {[%clk 0:30:58]} 44. Qe5 {[%clk 0:26:44]} Qxh2+
{[%clk 0:30:15]} 0-1

[Event "European Youth Chess Championship G16"]
[Site "Prague, Top Hotel Prague"]
[Date "2012.08.23"]
[Round "7.5"]
[White "Marikova, Jana"]
[Black "Papathanasiou, Elisavet"]
[Result "1-0"]
[WhiteElo "1887"]
[BlackElo "1896"]
[PlyCount "0"]
[EventDate "2012.08.17"]

1. d4 {[%clk 1:30:58]} Nf6 {[%clk 1:30:53]} 2. c4 {[%clk 1:31:25]} e6
{[%clk 1:31:18]} 3. Nf3 {[%clk 1:31:51]} c5 {[%clk 1:31:18]} 4. d5
{[%clk 1:30:46]} b5 {[%clk 1:31:15]} 5. dxe6 {[%clk 1:16:28]} fxe6
{[%clk 1:31:34]} 6. cxb5 {[%clk 1:09:02]} d5 {[%clk 1:31:16]} 7. Bf4
{[%clk 1:06:44]} Bd6 {[%clk 1:28:10]} 8. Bxd6 {[%clk 1:04:26]} Qxd6
{[%clk 1:28:32]} 9. Nc3 {[%clk 1:02:23]} O-O {[%clk 1:14:29]} 10. e4
{[%clk 0:59:19]} Nbd7 {[%clk 1:11:58]} 11. exd5 {[%clk 0:48:21]} exd5
{[%clk 1:11:13]} 12. Be2 {[%clk 0:47:27]} Bb7 {[%clk 1:10:24]} 13. O-O
{[%clk 0:45:38]} Ng4 {[%clk 1:06:45]} 14. h3 {[%clk 0:42:07]} Rxf3
{[%clk 1:06:08]} 15. hxg4 {[%clk 0:42:35]} Rf6 {[%clk 1:03:55]} 16. Bf3
{[%clk 0:41:14]} Nb6 {[%clk 0:59:51]} 17. a4 {[%clk 0:39:31]} Rd8
{[%clk 0:57:21]} 18. b3 {[%clk 0:35:59]} Nc8 {[%clk 0:40:16]} 19. Re1
{[%clk 0:32:10]} Ne7 {[%clk 0:39:14]} 20. Qe2 {[%clk 0:31:10]} Ng6
{[%clk 0:32:49]} 21. Rad1 {[%clk 0:29:34]} Nf4 {[%clk 0:27:28]} 22. Qe5
{[%clk 0:28:40]} Ba8 {[%clk 0:22:12]} 23. Qxd6 {[%clk 0:26:30]} Rfxd6
{[%clk 0:22:32]} 24. Re7 {[%clk 0:25:41]} d4 {[%clk 0:20:37]} 25. Ne4
{[%clk 0:23:11]} Bxe4 {[%clk 0:20:36]} 26. Rxe4 {[%clk 0:21:38]} Nd5
{[%clk 0:19:56]} 27. Re5 {[%clk 0:20:38]} Nc3 {[%clk 0:13:43]} 28. Rd3
{[%clk 0:18:52]} Rc8 {[%clk 0:13:55]} 29. Bc6 {[%clk 0:18:27]} c4
{[%clk 0:13:16]} 30. bxc4 {[%clk 0:18:12]} Nxa4 {[%clk 0:13:32]} 31. Bd5+ Kh8
{[%clk 0:13:22]} 32. Rxd4 {[%clk 0:17:52]} Nc3 {[%clk 0:11:10]} 33. Kf1
{[%clk 0:14:40]} h6 {[%clk 0:10:17]} 34. Ke1 {[%clk 0:12:06]} a6 {[%clk 0:04:48]}
35. Kd2 {[%clk 0:06:53]} Na4 {[%clk 0:05:00]} 36. bxa6 {[%clk 0:06:43]} Rxa6
{[%clk 0:05:13]} 37. Bb7 {[%clk 0:07:03]} 1-0

[Event "European Youth Chess Championship G16"]
[Site "Prague, Top Hotel Prague"]
[Date "2012.08.23"]
[Round "7.6"]
[White "Blagojevic, Tijana"]
[Black "Nicolas Zapata, Irene"]
[Result "0-1"]
[WhiteElo "2004"]
[BlackElo "2197"]
[PlyCount "0"]
[EventDate "2012.08.17"]

1. e4 {[%clk 1:30:54]} e6 {[%clk 1:30:55]} 2. d4 {[%clk 1:31:20]} d5
{[%clk 1:31:21]} 3. e5 {[%clk 1:31:46]} c5 {[%clk 1:31:46]} 4. c3
{[%clk 1:32:13]} Nc6 {[%clk 1:31:33]} 5. Nf3 {[%clk 1:32:38]} Nh6
{[%clk 1:31:43]} 6. dxc5 {[%clk 1:31:12]} Bxc5 {[%clk 1:32:05]} 7. Bf4
{[%clk 1:26:26]} Qb6 {[%clk 1:17:56]} 8. Qc2 {[%clk 1:23:49]} Bd7
{[%clk 1:16:37]} 9. Bd3 {[%clk 1:23:23]} Rc8 {[%clk 1:11:46]} 10. O-O
{[%clk 1:19:03]} Nf5 {[%clk 1:05:50]} 11. Qe2 {[%clk 1:17:31]} a5
{[%clk 1:01:12]} 12. Nbd2 {[%clk 1:04:56]} h6 {[%clk 0:55:29]} 13. Nb3
{[%clk 1:03:55]} Be7 {[%clk 0:52:09]} 14. Bxf5 {[%clk 0:54:47]} exf5
{[%clk 0:52:28]} 15. Nfd4 {[%clk 0:54:16]} O-O {[%clk 0:42:29]} 16. Be3
{[%clk 0:40:22]} Qc7 {[%clk 0:34:05]} 17. f4 {[%clk 0:40:46]} a4 {[%clk 0:33:12]}
18. Nb5 {[%clk 0:37:42]} Qd8 {[%clk 0:30:27]} 19. Nc5 {[%clk 0:37:06]} Nxe5
{[%clk 0:25:15]} 20. Nxb7 {[%clk 0:36:54]} Bxb5 {[%clk 0:25:10]} 21. Qxb5
{[%clk 0:36:15]} Qd7 {[%clk 0:25:18]} 22. Qxd7 {[%clk 0:31:03]} Nxd7
{[%clk 0:25:43]} 23. Rad1 {[%clk 0:29:56]} Rb8 {[%clk 0:17:33]} 24. Na5
{[%clk 0:30:00]} Rxb2 {[%clk 0:17:55]} 25. Rxd5 {[%clk 0:30:01]} Nf6
{[%clk 0:17:57]} 26. Rd2 {[%clk 0:29:08]} Rxd2 {[%clk 0:15:44]} 27. Bxd2
{[%clk 0:29:34]} Ne4 {[%clk 0:12:01]} 28. Be1 {[%clk 0:28:40]} Rd8
{[%clk 0:04:55]} 29. Nc6 {[%clk 0:27:48]} Bc5+ {[%clk 0:05:22]} 30. Nd4
{[%clk 0:28:14]} Bxd4+ {[%clk 0:05:45]} 31. cxd4 {[%clk 0:28:41]} Rxd4
{[%clk 0:06:15]} 32. a3 {[%clk 0:28:36]} Nd2 {[%clk 0:02:08]} 33. Rf2
{[%clk 0:27:34]} Nc4 {[%clk 0:01:42]} 34. Bb4 {[%clk 0:27:39]} Ne3
{[%clk 0:00:46]} 35. Re2 {[%clk 0:26:17]} Nd5 {[%clk 0:00:37]} 36. Re8+
{[%clk 0:21:43]} Kh7 {[%clk 0:01:06]} 37. Re5 {[%clk 0:22:01]} Nxb4
{[%clk 0:00:45]} 38. axb4 {[%clk 0:22:25]} Rxb4 {[%clk 0:01:02]} 39. Rxf5
{[%clk 0:22:51]} Kg6 {[%clk 0:01:16]} 40. g4 {[%clk 0:53:03]} a3 {[%clk 0:31:35]}
41. Ra5 {[%clk 0:51:35]} Rxf4 {[%clk 0:28:07]} 42. h3 {[%clk 0:51:18]} Rf3
{[%clk 0:28:20]} 43. Kg2 {[%clk 0:51:44]} Rb3 {[%clk 0:28:46]} 44. Ra7
{[%clk 0:52:01]} Kf6 {[%clk 0:27:27]} 45. Kh2 {[%clk 0:52:15]} Rb2+
{[%clk 0:25:14]} 46. Kg3 {[%clk 0:52:37]} a2 {[%clk 0:24:05]} 47. h4
{[%clk 0:52:59]} Ke5 {[%clk 0:23:50]} 48. h5 {[%clk 0:53:17]} Kd4
{[%clk 0:23:19]} 49. Kf4 {[%clk 0:53:38]} Kc3 {[%clk 0:23:24]} 0-1

[Event "European Youth Chess Championship G16"]
[Site "Prague, Top Hotel Prague"]
[Date "2012.08.23"]
[Round "7.8"]
[White "Garcia-Castany Musellas, Gal La"]
[Black "Zavgorodniaya, Alena"]
[Result "1-0"]
[WhiteElo "2019"]
[BlackElo "1910"]
[PlyCount "0"]
[EventDate "2012.08.17"]

1. e4 {[%clk 1:30:58]} e5 {[%clk 1:30:54]} 2. Nf3 {[%clk 1:31:26]} Nc6
{[%clk 1:31:19]} 3. Bb5 {[%clk 1:31:53]} a6 {[%clk 1:31:40]} 4. Ba4
{[%clk 1:32:20]} Nf6 {[%clk 1:32:05]} 5. d3 {[%clk 1:32:48]} b5 {[%clk 1:32:24]}
6. Bb3 {[%clk 1:33:14]} Be7 {[%clk 1:32:46]} 7. O-O {[%clk 1:33:24]} O-O
{[%clk 1:32:50]} 8. a4 {[%clk 1:32:33]} Bb7 {[%clk 1:31:18]} 9. Nc3
{[%clk 1:32:26]} b4 {[%clk 1:31:33]} 10. Ne2 {[%clk 1:30:48]} d5 {[%clk 1:31:05]}
11. exd5 {[%clk 1:30:38]} Na5 {[%clk 1:31:17]} 12. Ba2 {[%clk 1:29:14]} Bxd5
{[%clk 1:31:36]} 13. Ng3 {[%clk 1:15:47]} Bxa2 {[%clk 1:13:05]} 14. Rxa2
{[%clk 1:16:12]} Qd5 {[%clk 1:13:27]} 15. b3 {[%clk 1:15:23]} Nd7
{[%clk 1:02:39]} 16. Nf5 {[%clk 1:08:54]} Bf6 {[%clk 1:02:39]} 17. Ng5
{[%clk 1:08:54]} g6 {[%clk 0:39:55]} 18. Nh6+ {[%clk 0:59:06]} Kh8
{[%clk 0:39:49]} 19. Qg4 {[%clk 0:57:01]} Nc6 {[%clk 0:33:23]} 20. Qh3
{[%clk 0:52:59]} Nd4 {[%clk 0:24:03]} 21. Ng4 {[%clk 0:42:20]} Bxg5
{[%clk 0:24:25]} 22. Bxg5 {[%clk 0:42:45]} f6 {[%clk 0:23:17]} 23. Bd2
{[%clk 0:37:12]} a5 {[%clk 0:21:42]} 24. Ne3 {[%clk 0:33:44]} Qe6
{[%clk 0:19:33]} 25. Qxe6 {[%clk 0:32:35]} Nxe6 {[%clk 0:20:02]} 26. Nc4
{[%clk 0:32:09]} Rfb8 {[%clk 0:19:35]} 27. f4 {[%clk 0:30:51]} exf4
{[%clk 0:11:42]} 28. Bxf4 {[%clk 0:31:03]} Nb6 {[%clk 0:11:47]} 29. Nxb6
{[%clk 0:28:46]} Rxb6 {[%clk 0:11:41]} 30. Be3 {[%clk 0:29:12]} Rc6
{[%clk 0:11:49]} 31. Rxf6 {[%clk 0:29:13]} Kg7 {[%clk 0:12:04]} 32. Rf2
{[%clk 0:28:52]} Rf8 {[%clk 0:11:20]} 33. Rxf8 {[%clk 0:28:26]} Kxf8
{[%clk 0:11:35]} 34. Kf2 {[%clk 0:28:25]} Kf7 {[%clk 0:09:46]} 35. Ke2
{[%clk 0:28:37]} Ng7 {[%clk 0:10:06]} 36. Kd2 {[%clk 0:27:42]} Nf5
{[%clk 0:10:27]} 37. Bf2 {[%clk 0:27:55]} Ne7 {[%clk 0:07:42]} 38. Ra1
{[%clk 0:27:49]} Nd5 {[%clk 0:07:33]} 39. Bd4 {[%clk 0:26:41]} Re6
{[%clk 0:04:24]} 40. Rf1+ {[%clk 0:55:20]} Ke7 {[%clk 0:34:20]} 41. Bc5+
{[%clk 0:51:40]} Kd7 {[%clk 0:34:34]} 42. g3 {[%clk 0:50:48]} Nc3
{[%clk 0:28:44]} 43. Be3 {[%clk 0:49:55]} Kc6 {[%clk 0:22:28]} 44. d4
{[%clk 0:46:42]} h5 {[%clk 0:18:33]} 45. Kd3 {[%clk 0:45:11]} Nd5
{[%clk 0:11:58]} 46. Bg5 {[%clk 0:34:20]} Kb6 {[%clk 0:11:27]} 47. Rf8
{[%clk 0:31:11]} Re1 {[%clk 0:08:25]} 48. Rg8 {[%clk 0:26:50]} Re6
{[%clk 0:05:32]} 49. Rb8+ {[%clk 0:23:18]} Ka6 {[%clk 0:04:40]} 50. Rd8
{[%clk 0:22:21]} Nb6 {[%clk 0:02:54]} 51. Bf4 {[%clk 0:22:14]} Rc6
{[%clk 0:03:17]} 52. Rf8 {[%clk 0:18:54]} Kb7 {[%clk 0:02:45]} 53. Be5
{[%clk 0:18:37]} Nd5 {[%clk 0:01:56]} 54. Rf2 {[%clk 0:17:27]} Rc3+
{[%clk 0:02:08]} 55. Kd2 {[%clk 0:16:26]} Ne3 {[%clk 0:02:27]} 56. d5
{[%clk 0:16:09]} Ng4 {[%clk 0:02:52]} 57. Bxc3 {[%clk 0:15:41]} Nxf2
{[%clk 0:03:18]} 58. Bd4 {[%clk 0:15:46]} Ng4 {[%clk 0:03:02]} 59. h3
{[%clk 0:14:20]} Nh6 {[%clk 0:03:30]} 60. Kd3 {[%clk 0:13:56]} Nf5
{[%clk 0:03:20]} 61. Bf2 {[%clk 0:13:06]} Nd6 {[%clk 0:01:14]} 62. Kd4
{[%clk 0:11:37]} Nf7 {[%clk 0:01:33]} 63. Be3 {[%clk 0:10:12]} c6
{[%clk 0:00:46]} 64. Kc5 {[%clk 0:08:49]} cxd5 {[%clk 0:01:11]} 65. Kxd5
{[%clk 0:09:10]} Kc7 {[%clk 0:00:38]} 66. Ke6 {[%clk 0:09:02]} Nd8+
{[%clk 0:00:38]} 67. Kf6 {[%clk 0:09:16]} Nc6 {[%clk 0:00:37]} 68. Kxg6
{[%clk 0:09:28]} Ne7+ {[%clk 0:00:34]} 69. Kxh5 {[%clk 0:09:32]} Nf5
{[%clk 0:00:56]} 70. Bf2 {[%clk 0:09:35]} Nd6 {[%clk 0:01:24]} 71. g4
{[%clk 0:09:45]} Ne4 {[%clk 0:01:51]} 72. Be3 {[%clk 0:09:57]} Nf6+
{[%clk 0:01:34]} 73. Kh6 {[%clk 0:09:42]} Nd5 {[%clk 0:01:56]} 74. Bg1
{[%clk 0:09:37]} 1-0

[Event "European Youth Chess Championship G16"]
[Site "Prague, Top Hotel Prague"]
[Date "2012.08.23"]
[Round "7.9"]
[White "Dragieva, Denitza"]
[Black "Harutyunyan, Ani"]
[Result "1-0"]
[WhiteElo "2005"]
[BlackElo "1835"]
[PlyCount "0"]
[EventDate "2012.08.17"]

1. d4 {[%clk 1:30:56]} d5 {[%clk 1:30:56]} 2. Nf3 {[%clk 1:31:19]} Nf6
{[%clk 1:31:17]} 3. Bf4 {[%clk 1:30:53]} c5 {[%clk 1:31:04]} 4. e3
{[%clk 1:29:19]} Nc6 {[%clk 1:30:35]} 5. Be2 {[%clk 1:28:47]} Bg4
{[%clk 1:30:37]} 6. O-O {[%clk 1:22:01]} Bxf3 {[%clk 1:28:30]} 7. Bxf3
{[%clk 1:22:13]} cxd4 {[%clk 1:28:54]} 8. exd4 {[%clk 1:22:02]} Qb6
{[%clk 1:28:21]} 9. Nc3 {[%clk 1:19:13]} Qxd4 {[%clk 1:26:48]} 10. Qc1
{[%clk 1:10:11]} Qc5 {[%clk 1:17:00]} 11. Bg5 {[%clk 0:58:28]} e6
{[%clk 1:11:55]} 12. Bxf6 {[%clk 0:57:19]} gxf6 {[%clk 1:12:18]} 13. Re1
{[%clk 0:53:27]} Be7 {[%clk 1:03:12]} 14. Qh6 {[%clk 0:47:52]} O-O-O
{[%clk 1:01:00]} 15. Rad1 {[%clk 0:39:51]} Ne5 {[%clk 0:55:11]} 16. Bh5
{[%clk 0:32:13]} Ng6 {[%clk 0:44:39]} 17. Ne2 {[%clk 0:18:34]} Bf8
{[%clk 0:34:52]} 18. Qd2 {[%clk 0:16:48]} Bd6 {[%clk 0:35:00]} 19. Nd4
{[%clk 0:13:29]} Kb8 {[%clk 0:31:03]} 20. c3 {[%clk 0:13:12]} Rc8
{[%clk 0:24:27]} 21. Kh1 {[%clk 0:09:34]} Rhg8 {[%clk 0:21:05]} 22. g3
{[%clk 0:08:00]} Ne5 {[%clk 0:15:54]} 23. Qe2 {[%clk 0:06:55]} Rg7
{[%clk 0:14:09]} 24. f4 {[%clk 0:06:42]} Nc4 {[%clk 0:12:10]} 25. Bf3
{[%clk 0:05:48]} f5 {[%clk 0:07:37]} 26. Bg2 {[%clk 0:02:45]} Rcg8
{[%clk 0:05:12]} 27. Bf3 {[%clk 0:01:49]} Be7 {[%clk 0:03:54]} 28. Nxf5
{[%clk 0:01:39]} Rg6 {[%clk 0:02:24]} 29. Nxe7 {[%clk 0:01:46]} Qxe7
{[%clk 0:02:53]} 30. Bxd5 {[%clk 0:01:34]} Nd6 {[%clk 0:02:27]} 31. Be4
{[%clk 0:00:49]} Nxe4 {[%clk 0:02:07]} 32. Qxe4 {[%clk 0:01:17]} h5
{[%clk 0:01:59]} 33. Qe5+ {[%clk 0:00:43]} Qc7 {[%clk 0:02:02]} 34. Qxc7+
{[%clk 0:00:56]} Kxc7 {[%clk 0:02:30]} 35. Re3 {[%clk 0:01:12]} h4
{[%clk 0:02:29]} 36. Kg2 {[%clk 0:01:30]} Rd8 {[%clk 0:01:40]} 37. Red3
{[%clk 0:01:49]} Rxd3 {[%clk 0:01:59]} 38. Rxd3 {[%clk 0:02:18]} hxg3
{[%clk 0:02:01]} 39. hxg3 {[%clk 0:01:42]} Rh6 {[%clk 0:02:23]} 40. Rd2
{[%clk 0:31:10]} Rh5 {[%clk 0:32:06]} 41. g4 {[%clk 0:31:15]} Ra5
{[%clk 0:32:07]} 42. a3 {[%clk 0:31:31]} Kc6 {[%clk 0:30:23]} 43. Kf3
{[%clk 0:28:40]} Rb5 {[%clk 0:30:20]} 44. b4 {[%clk 0:17:26]} Rb6
{[%clk 0:26:20]} 45. c4 {[%clk 0:13:52]} a5 {[%clk 0:25:06]} 46. c5
{[%clk 0:10:33]} Rb5 {[%clk 0:23:43]} 47. Rd6+ {[%clk 0:09:57]} Kc7
{[%clk 0:24:03]} 48. Rd4 {[%clk 0:10:15]} axb4 {[%clk 0:22:32]} 49. axb4
{[%clk 0:10:39]} b6 {[%clk 0:21:59]} 50. Rc4 {[%clk 0:03:50]} Kc6
{[%clk 0:20:53]} 51. Ke4 {[%clk 0:03:37]} f6 {[%clk 0:19:49]} 52. g5
{[%clk 0:03:58]} f5+ {[%clk 0:19:35]} 53. Ke5 {[%clk 0:04:19]} Kd7
{[%clk 0:19:42]} 54. Kf6 {[%clk 0:04:33]} 1-0